|
|
|
|
| LEADER |
00000nam a2200000 a 4500 |
| 001 |
vtls010349379 |
| 003 |
SK-MaSNL |
| 005 |
20260301145107.0 |
| 008 |
240318s2006 pl e n 001 0 pol |
| 020 |
|
|
|a 8389729717
|q (brož.)
|
| 040 |
|
|
|a SNK
|b slo
|c SNK
|e AACR2
|
| 041 |
0 |
|
|a pol
|b eng
|
| 043 |
|
|
|a e-pl---
|
| 044 |
|
|
|a pl
|c PL
|
| 072 |
|
7 |
|a 316.7
|x Sociológia kultúry. Kultúrny život
|2 konspekt
|
| 080 |
|
|
|a 316.73
|2 2001
|
| 080 |
|
|
|a 316.347
|2 2001
|
| 080 |
|
|
|a 323.1
|2 2001
|
| 080 |
|
|
|a (=411.16)
|2 2001
|
| 080 |
|
|
|a 316.344.8 (=411.16)
|2 2001
|
| 080 |
|
|
|a (438)
|2 2001
|
| 080 |
|
|
|a (048.8)
|2 2001
|
| 080 |
|
|
|a 316.728
|2 2001
|
| 100 |
1 |
|
|a Landau-Czajka, Anna
|4 aut
|9 504374
|
| 245 |
1 |
0 |
|a Syn będzie Lech-
|b asymilacja Żydów w Polsce międzywojennej
|c Anna Landau-Czajka
|
| 250 |
|
|
|a 1. wyd.
|
| 260 |
|
|
|a Warszawa
|b Wydawnictwo Neriton
|b Instytut Historii PAN
|c 2006
|
| 300 |
|
|
|a 475 s.
|c 24 cm
|
| 504 |
|
|
|a Bibliogr.: s. 444-462 ; bibliogr. odkazy ; pozn. ; reg.
|
| 546 |
|
|
|a Res. angl.
|
| 648 |
|
7 |
|a 1918-1939
|2 SNKPH
|9 283412
|
| 650 |
0 |
7 |
|a asimilácia (sociológia)
|2 SNKPH
|9 3817
|
| 650 |
0 |
7 |
|a Jews
|2 SNKPHeng
|9 267345
|
| 650 |
0 |
7 |
|a Židia
|2 SNKPH
|9 3760
|
| 650 |
0 |
7 |
|a National identity
|2 SNKPHeng
|9 282676
|
| 650 |
0 |
7 |
|a národná identita
|2 SNKPH
|9 1665
|
| 650 |
0 |
7 |
|a každodenný život
|2 SNKPH
|9 4946
|
| 650 |
0 |
7 |
|a Everyday life
|2 SNKPHeng
|9 265105
|
| 650 |
0 |
7 |
|a židovstvo
|2 SNKPH
|9 3761
|
| 650 |
0 |
7 |
|a Assimilation (sociology)
|2 SNKPHeng
|9 336691
|
| 651 |
|
7 |
|a Poľsko
|x etnické vzťahy
|2 SNKPH
|9 403952
|
| 651 |
|
7 |
|a Poland
|x ethnic relations
|2 SNKPHeng
|9 504375
|
| 655 |
|
7 |
|a štúdie
|2 SNKPH
|9 57033
|
| 655 |
|
7 |
|a Studies
|2 SNKPHeng
|9 265573
|
| 919 |
|
|
|a 83-89729-71-7
|
| 999 |
|
|
|c 779062
|d 780992
|
| 952 |
|
|
|a SNK
|b SNK
|y VYP
|7 0
|p 17A1017254
|o snkIC 140169
|i snk2012/11419
|8 2
|g 9.50
|0 0
|1 0
|4 0
|d 2012-03-28
|l 0
|r 2026-02-24 00:59:44
|w 2026-02-24
|